| 000 | 00709nam a2200253 a 4500 | ||
|---|---|---|---|
| 001 | 19425 | ||
| 003 | BD-RjUL | ||
| 005 | 20211209000430.0 | ||
| 008 | 140224r19621930enk 001 1 eng d | ||
| 035 | _a(BD-RjUL)19485 | ||
| 035 | _a(OCoLC)5923736 | ||
| 040 |
_aNJB _cNJB _dBD-RjUL _beng |
||
| 041 | _aeng | ||
| 082 | 0 | 0 |
_a821.9108 _bHAC 1962 |
| 100 | 1 |
_aHardy, Thomas, _d1840-1928. _959693 |
|
| 245 | 1 | 4 |
_aThe collected poems of Thomas Hardy / _cThomas Hardy. |
| 250 | _a4th ed. | ||
| 260 |
_aLondon : _bMacmillan, _c1930 [Reprinted 1962].[1965] |
||
| 300 |
_axxxi, 917 p. ; _c19 cm. |
||
| 504 | _aIncludes index. | ||
| 650 | 0 |
_aEnglish poetry. _959694 |
|
| 942 |
_2ddc _cBK |
||
| 999 |
_c19425 _d19425 |
||